• 首页
  • 本馆介绍
  • 公告通知
  • 最新文献
  • 馆藏检索
  • 电子资源
  • 读者导购
  • 参考咨询
  • 我的图书馆
  • 登录
  • 详细信息显示
  • 放入我的书架
  • 预约/预借图书
  • 作者相关作品
  • 分类相关作品
  • 丛书相关作品
  • 出版社相关作品

书目信息

  • 表格格式
  • 工作单格式
  • 卡片格式
题名:
法汉词典
    
 
作者: ;《法汉词典》编写组 编
分册:  
出版信息: 上海   上海译文出版社  1979.10
页数: 1493页
开本: 28cm
丛书名:
单 册:
中图分类: H326
科图分类:
主题词: 法语--词典
电子资源:
ISBN: 7-5327-0336-3
000 00535nam0 2200181 45
001 0501061033
005 20070726104949.73
010    @a7-5327-0336-3@b精装@dCNY39.00
100    @a20050106d1979 km y0chiy0120 ea
101 0  @achi
200 1  @a法汉词典@AFa Han Ci Dian@f《法汉词典》编写组编@F《Fa Han Ci Dian》BianXie Zu Bian
210    @a上海@c上海译文出版社@d1979.10
215    @a1493页@d28cm
606 0  @a法语@x词典
690    @aH326@v3
711 02 @a《法汉词典》编写组@4编
801    @aCN@bPftUser@c20070726
905    @f1@b245432@dH326@e13
    
    法汉词典/《法汉词典》编写组编.-上海:上海译文出版社,1979.10
    1493页;28cm
    
    
    ISBN 7-5327-0336-3(精装):CNY39.00
    
●
相关链接 在E读中查询图书 在五车中查询图书 在当当中查询图书 在豆瓣中查询图书


正题名:法汉词典     索取号:H326/13         预约/预借

序号 登录号 条形码 馆藏地/架位号 状态 备注
1 0245432   001965118   工具书阅览室/ [索取号:H326/13] 在馆    
2 0245433   001133552   第二样本阅览室/ [索取号:H326/13] 在馆    
3 0785415   207854151   密集书库/ [索取号:H326/13] 在馆    
唐山师范学院图书馆 欢迎您!
大连网信软件有限公司© 版权所有